000 00790nam a2200253Ia 4500
001 dia_4447
003 CHAP
005 20251015160202.0
008 220117s1984 xx 000 0 und d
010 _a175110
040 _cCHAP
_amxchpua
_erda
090 _aFolleto 2365
100 _aTorre Vizcaino, Juan Diego de la
_9114010
245 _aGuía para Cultivar Aguacate en el Bajio /
_c Juan Diego de la Torre Vizcaino
260 _aMéxico :
_b Inia, Campo Agrícola Experimental del Bajio,
_c1984
300 _a26 p.
500 _aS/c (Folleto para Productores, 10)
650 _aAguacate
_xCultivo
_9129282
700 _aInia
_9147848
901 _aFOLLETO 2365
902 _aM
905 _a0000001984 mx A 0000000000spa00
942 _cFOLL
_2local
999 _c175110
_d175110